Votre Agglo / (Record no. 22685)

000 -CABECERA
campo de control de longitud fija 00911 a2200229 4500
003 - IDENTIFICADOR DEL NÚMERO DE CONTROL
campo de control OSt
005 - FECHA Y HORA DE LA ÚLTIMA TRANSACCIÓN
campo de control 20230809092525.0
008 - DATOS DE LONGITUD FIJA--INFORMACIÓN GENERAL
campo de control de longitud fija 230807b ||||| |||| 00| 0 eng d
040 ## - FUENTE DE LA CATALOGACIÓN
Centro catalogador/agencia de origen Municipalidad Provincial del Cusco
Centro/agencia transcriptor Biblioteca Municipal del Cusco
Lengua de catalogación spa
082 ## - NÚMERO DE LA CLASIFICACIÓN DECIMAL DEWEY
Número de clasificación R / Votreagglo Nº 119
Notación interna Mars 2023
100 ## - ENTRADA PRINCIPAL--NOMBRE DE PERSONA
Nombre de persona Gorges, Jean-Pierre
Término indicativo de función/relación Président de Chartres métropole
9 (RLIN) 48874
245 ## - MENCIÓN DE TÍTULO
Título Votre Agglo /
Resto del título Le magazine de Chartres métropole
260 ## - PUBLICACIÓN, DISTRIBUCIÓN, ETC.
Lugar de publicación, distribución, etc. Compiègne :
Nombre del editor, distribuidor, etc. Groupe Morault
Fecha de publicación, distribución, etc. Marzo-2023
300 ## - DESCRIPCIÓN FÍSICA
Extensión 88 páginas;
Otras características físicas il. col., diagrs. ;
Dimensiones 27 cm.
440 ## - MENCIÓN DE SERIE/PUNTO DE ACCESO ADICIONAL--TÍTULO
Título Votre agglo
Número de parte o sección de la obra # 119 MARS 2023
9 (RLIN) 48875
505 ## - NOTA DE CONTENIDO CON FORMATO
Nota de contenido con formato Bus a haut niveau de service tel un métro sur pneus…
650 #0 - PUNTO DE ACCESO ADICIONAL DE MATERIA--TÉRMINO DE MATERIA
9 (RLIN) 1444
Término de materia o nombre geográfico como elemento de entrada Francia
650 #0 - PUNTO DE ACCESO ADICIONAL DE MATERIA--TÉRMINO DE MATERIA
Término de materia o nombre geográfico como elemento de entrada Metrópoli de Chartres
9 (RLIN) 48873
773 0# - ENLACE AL DOCUMENTO FUENTE/ENTRADA DE REGISTRO ANFITRIÓN
Título Votre Agglo /
Número Internacional Normalizado para Publicaciones Seriadas 2114-5547
Lugar, editor y fecha de publicación Compiègne : Groupe Morault Febrero-2023
Encabezamiento principal Gorges, Jean-Pierre
942 ## - ELEMENTOS DE PUNTO DE ACCESO ADICIONAL (KOHA)
Fuente del sistema de clasificación o colocación
Tipo de ítem Koha Revista
945 ## - PROCESAMIENTO DE INFORMACIÓN LOCAL (OCLC)
Catalogador vcp
AAAA-MM-DD Fecha de ingreso o modificación 2023-08-07
Holdings
Estado de retiro Estado de pérdida Fuente del sistema de clasificación o colocación Estado dañado No para préstamo Localización permanente Ubicación/localización actual Ubicación en estantería Fecha de adquisición Signatura topográfica completa Código de barras Fecha visto por última vez Precio válido a partir de Tipo de ítem Koha
          Sala Hemeroteca Sala Hemeroteca Book Cart 2023-04-10 R / Votreagglo Nº 119 Mars 2023 HEM0000003 2023-08-07 2023-08-07 Revista

Powered by Koha